00784nam a2200265 4500003000400000005001700004008004100021020001900062040001800081041001400099050002300113100002700136240003400163245004900197264006100246264001100307300001800318336002200336337002400358338002400382500003100406650002500437650002800462700002800490OSt20260601193842.0260417b2014 mx |||| |||| 00| 0 spa d a 9786079377571 aICIbspacICI 1aspa heng aBF441bB42318 2014 1aBono, Edward ded1933- 1aSix thinking hats.lEspañol 1aSeis sombreros para pensar /cEdward de Bono bEdiciones Culturales Paidós,c[2014]aMéxico, D.F. : c©2014 a247 páginas atexto2rdacontent asin medio2rdamedia avolumen2rdacarrier aReimpresiones: (2a : 2015) 4aPensamiento creativo 4aSolución de problemas 1aDe Bono, Edward,d1933-